000 00689cam a2200205 4500
008 240306t2009 000 0 eng u
020 _a9781847039385
041 0 _aeng
050 0 4 _a692.8 $2 18
110 2 _aJoint Contracts Tribunal
_93664
240 0 0 _aDBSub/A
245 0 0 _aDBSub/A
_bDesign and Build Sub-Contract Agreement 2005, Revision 2 2009
260 _aLondon
_bSweet and Maxwell Limited
_c2009
300 _aii, 28p
_c30cm.
650 2 4 _aJCT DESIGN AND BUILD SUBCONTRACT (2005 EDITION) (REVISION 2009)
650 2 4 _aJCT DESIGN AND BUILD CONTRACT (2005 EDITION) (REVISION 2009
651 4 _aUnited Kingdom
690 _aConstruction management
_96230
942 _n0
_2ddc
999 _c121822
_d121822